Królowie strzelców każdego sezonu Premier League - Statystyki

Ogólne statystyki
  • Ten quiz został rozwiązany 138 razy
  • Średni wynik to 22 z 32
Statystyki odpowiedzi
Sezon Ilość bramek Odpowiedź % Poprawnych
2023/24 27 Erling Haaland
96%
2022/23 36 Erling Haaland
96%
2021/22 23 Mohamed Salah/Heung Min-Son
96%
2018/19 22 Mohamed Salah/Sadio Mané/Pierre-Emerick Aubameyang
96%
2017/18 32 Mohamed Salah
95%
2007/08 31 Cristiano Ronaldo
87%
2020/21 23 Harry Kane
86%
2016/17 29 Harry Kane
86%
2015/16 25 Harry Kane
86%
2014/15 26 Sergio Agüero
79%
2005/06 27 Thierry Henry
79%
2004/05 25 Thierry Henry
79%
2003/04 30 Thierry Henry
79%
2001/02 24 Thierry Henry
79%
2009/10 29 Didier Drogba
77%
2006/07 20 Didier Drogba
77%
1996/97 25 Alan Shearer
71%
1995/96 31 Alan Shearer
71%
1994/95 34 Alan Shearer
71%
2012/13 26 Robin van Persie
70%
2011/12 30 Robin van Persie
70%
2019/20 23 Jamie Vardy
67%
1998/99 18 Jimmy Floyd Hasselbaink/Michael Owen/Dwight Yorke
66%
1997/98 18 Dion Dublin/Michael Owen/Chris Sutton
63%
2013/14 31 Luis Suárez
52%
2010/11 20 Dimitar Berbatov/Carlos Tévez
49%
1993/94 34 Andy Cole
45%
2008/09 19 Nicolas Anelka
39%
1992/93 21 Teddy Sheringham
27%
2000/01 23 Jimmy Floyd Hasselbaink
25%
2002/03 25 Ruud van Nisterlooy
22%
1999/00 30 Kevin Phillips
4%
Nie znaleziono quizów pasujących do podanych kryteriów
Rozkład punktacji
Procent ludzi z każdym wynikiem
Percentyl według liczby udzielonych odpowiedzi
Twoja historia wyników
Nie rozwiązałeś tego quizu